Juran on Leadership for Quality <An> Executive Handbook

Salvato in:
Dettagli Bibliografici
Autore principale: Juran, J.M
Natura: Libro
Lingua:inglese
Pubblicazione: New York The Free Press 1989
Edizione:1. ed.
Soggetti:
Tags: Aggiungi Tag
Nessun Tag, puoi essere il primo ad aggiungerne!!

MARC

LEADER 00000nam a2200000 4500
001 c014308
005 20221206131414.6
020 |a 0-02-916682-9 
041 0 |a eng 
044 |a US 
245 1 0 |a Juran on Leadership for Quality  |b <An> Executive Handbook  |c J.M. Juran 
250 |a 1. ed. 
264 1 |a New York  |b The Free Press  |c 1989 
300 |a 376 s. 
610 2 0 |a vedenie 
610 2 0 |a riadenie kvality 
610 2 0 |a záruka 
100 1 |a Juran, J.M.